• 首页
  • 本馆介绍
  • 公告通知
  • 最新文献
  • 馆藏检索
  • 电子资源
  • 读者导购
  • 参考咨询
  • 我的图书馆
  • 登录
  • 详细信息显示
  • 放入我的书架
  • 预约/预借图书
  • 作者相关作品
  • 分类相关作品
  • 丛书相关作品
  • 出版社相关作品

书目信息

  • 表格格式
  • 工作单格式
  • 卡片格式
题名:
结构力学
    
 
作者: ;湖南大学 , 哈尔滨建筑工程学院 编
分册:  
出版信息: 北京   人民教育出版社  1979.09
页数: 192页
开本: 26cm
丛书名:
单 册:
中图分类: TU11
科图分类:
主题词:
电子资源:
ISBN:
000 00701nam0 2200205 45
001 0405180972
005 20060719104345.64
010    @dCNY1.05
091    @a15012.0207
100    @a20040518d1979 km y0chiy0120 ea
101 0  @achi
200 1  @a结构力学@AJie Gou Li Xue@e建筑力学第三分册@f湖南大学,哈尔滨建筑工程学院编@Fhu nan da xue,ha er bin jian zhu gong cheng xue yuan bian
210    @a北京@c人民教育出版社@d1979.09
215    @a192页@d26cm
517 1  @a建筑力学第三分册@Ajian zhu li xue di san fen ce
690    @aTU11@v3
711  0 @a湖南大学@Ahu nan da xue@4编
711  0 @a哈尔滨建筑工程学院@Aha er bin jian zhu gong cheng xue yuan@4编
801    @aCN@bPftUser@c20060719
905    @dTU11@e3:3
    
    结构力学:建筑力学第三分册/湖南大学,哈尔滨建筑工程学院编.-北京:人民教育出版社,1979.09
    192页;26cm
    
    
    ISBN :CNY1.05
    
●
相关链接 在E读中查询图书 在五车中查询图书 在当当中查询图书 在豆瓣中查询图书


正题名:结构力学     索取号:TU11/3:3         预约/预借

序号 登录号 条形码 馆藏地/架位号 状态 备注
1 0050268   001480908   密集书库/ [索取号:TU11/3:3] 在馆    
2 0050269   001480891   密集书库/ [索取号:TU11/3:3] 在馆    
3 0437665   204376656   密集书库/ [索取号:TU11/3:3] 在馆    
4 0437666   204376665   密集书库/ [索取号:TU11/3:3] 在馆    
唐山师范学院图书馆 欢迎您!
大连网信软件有限公司© 版权所有